| Tag |
First Indicator |
Second Indicator |
Subfields |
| LEADER |
00000cam a2200000Ia 4500 |
| 001 |
in00002781959 |
| 006 |
m d |
| 007 |
cr cn||||||||| |
| 008 |
120404s2012 enka ob 001 0 eng d |
| 005 |
20250816210653.3 |
| 010 |
|
|
|z 2012009113
|
| 020 |
|
|
|z 9780521767279 (hardback)
|
| 020 |
|
|
|z 9781139530231
|
| 035 |
|
|
|a (CaPaEBR)ebr10583257
|
| 035 |
|
|
|a (OCoLC)804847131
|
| 040 |
|
|
|a CaPaEBR
|c CaPaEBR
|d UtOrBLW
|
| 050 |
1 |
4 |
|a QB149
|b .F45 2012eb
|
| 082 |
0 |
4 |
|a 520.72/7
|2 23
|
| 100 |
1 |
|
|a Feigelson, Eric D.
|
| 245 |
1 |
0 |
|a Modern statistical methods for astronomy :
|b with R applications /
|c Eric D. Feigelson, G. Jogesh Babu.
|
| 264 |
|
1 |
|a Cambridge ;
|a New York :
|b Cambridge University Press,
|c 2012.
|
| 300 |
|
|
|a 1 online resource (xviii, 476 pages) :
|b illustrations
|
| 336 |
|
|
|a text
|b txt
|2 rdacontent
|
| 337 |
|
|
|a computer
|b c
|2 rdamedia
|
| 338 |
|
|
|a online resource
|b cr
|2 rdacarrier
|
| 504 |
|
|
|a Includes bibliographical references and index.
|
| 500 |
|
|
|a Electronic resource.
|
| 650 |
|
0 |
|a Statistical astronomy.
|
| 650 |
|
0 |
|a Astronomy.
|
| 655 |
|
7 |
|a Electronic books.
|2 local
|
| 700 |
1 |
|
|a Babu, Gutti Jogesh,
|d 1949-
|
| 710 |
2 |
|
|a ebrary, Inc.
|
| 856 |
4 |
0 |
|u https://ebookcentral.proquest.com/lib/tamucs/detail.action?docID=977132
|y Connect to the full text of this electronic book
|t 0
|
| 980 |
|
|
|a 120918
|b 90
|c USD
|e 90
|f YBP_EBR0000042581
|g 1
|
| 999 |
f |
f |
|s b5e55669-1cc0-33ad-96a7-ed3511a23873
|i 71908004-ca30-3a44-ba0f-7559f1e040f2
|t 0
|
| 999 |
|
|
|a MARS
|
| 952 |
f |
f |
|a Texas A&M University
|b College Station
|c Electronic Resources
|d Available Online
|t 0
|e QB149 .F45 2012eb
|h Library of Congress classification
|
| 998 |
f |
f |
|a QB149 .F45 2012eb
|t 0
|l Available Online
|